|
|
|
|
| LEADER |
01139nam a2200301 a 4500 |
| 001 |
4200707 |
| 005 |
19890411000000.0 |
| 008 |
090511s1978 enkabf b 001 0 eng d |
| 010 |
|
|
|a 80490953
|
| 015 |
|
|
|a GB78-37768
|
| 020 |
|
|
|a 0905402065 :
|c £3.25
|
| 040 |
|
|
|a DLC
|c DLC
|d DLC
|
| 082 |
0 |
0 |
|a 363.6/1/09686
|2 19
|
| 245 |
0 |
0 |
|a Water, health and development :
|b an interdisciplinary evaluation /
|c [by] Richard Feachem ... [et al.].
|
| 260 |
|
|
|a London :
|b Tri-Med Books Limited,
|c 1978.
|
| 300 |
|
|
|a xv, 267 p. 4 p. of plates :
|b ill., maps ;
|c 22 cm.
|
| 504 |
|
|
|a Bibliography: p. 256-260.
|
| 500 |
|
|
|a Includes index.
|
| 541 |
1 |
|
|e 00001474
|
| 650 |
|
0 |
|a Water-supply, Rural
|z Lesotho.
|
| 650 |
|
0 |
|a Rural health
|z Lesotho.
|
| 650 |
|
0 |
|a Rural development
|z Lesotho.
|
| 650 |
|
0 |
|a Waterborne infection
|z Lesotho.
|
| 651 |
|
0 |
|a Lesotho
|x Rural conditions.
|
| 700 |
1 |
|
|a Feachem, Richard G.,
|d 1947-
|
| 852 |
4 |
|
|a <add your library>
|j <shelf mark>
|
| 999 |
|
|
|c 584
|d 584
|
| 952 |
|
|
|0 0
|1 0
|2 ddc
|4 0
|6 363_610968600000000_WAT_1978
|7 0
|8 NFIC
|9 534
|a BRACUL
|b BRACUL
|c GEN
|d 2009-05-11
|g 364.00
|l 0
|o 363.6109686 WAT
|p 3010001474
|r 2009-05-11
|t 1
|w 2009-05-11
|y BK
|